00510nam a2200157 a 450000100100000000500170001000800410002702000150006804000250008310000310010824500590013926000580019830000280025649000340028483000340031800003648220200930075744.0120118s19uu sp 000 0 spa d a8434200082 aDO-SdBNPbspacBNPHU1 aParramón, José María10aAsí se compone un cuadro / :bJosé Mª Parramón. aBarcelona, España :bInstituto Parramón,c[197?]. a111 p. :bil. ;c27 cm.1 aColección Aprender haciendo 0aColección Aprender haciendo